000 01565nka a2200337 i 4500
001 102916
003 ES-MaACL
005 20250821050825.0
007 t|
008 051219q17901835sp f | |r||1c|spa d
100 1 _aBoix, Esteban,
_d1774-ca. 1828
_edrm
_eegr
_929889
245 1 0 _aVisita de Nuestra Señora a su prima Sta. Isabel
_h[Material gráfico] /
_cRafael de Urbino la pintó ; Esteban Boix la dibujó y grabó
260 _a[Madrid] :
_bse hallará en la Calcografía de la Imprenta Real,
_c[ca. 1784-1800]
300 _a1 estampa :
_bgrabado calcográfico ;
_c531 x 355 mm
490 1 _aColección facticia de grabados ;
_v4
_9184692
500 _aInscripción: "Visita de Nuestra Señora á su Prima Sta. Isabel. Pintada por Rafael de Urbino, cuyo original se halla en la Sacristia del Real Monasterio de Sn. Lorenzo"
530 _aDisponible en formato digital
600 0 4 _aVirgen María-
_xVisitación
_9115446
600 0 0 _aIsabel,
_cSanta
_9241807
655 7 _aGrabados calcográficos
_2tgfbne
_9241761
655 7 _aGrabados
_2tgfbne
_9226846
655 4 _aReproducciones de obras de arte
_9241931
700 0 _aRaffaello,
_d1483-1520
_eart
_9222299
710 2 _aCalcografía de la Imprenta Real
_eedt
_9241806
830 0 _aColección facticia de grabados ;
_v4
_9184692
852 4 _aES-MaACL
_cDEPO2
_jGF-2(4)
856 4 _uhttps://bdh-rd.bne.es/viewer.vm?id=0000151831&page=1
_yVersión en línea
_z(Biblioteca Digital Hispánica)
942 _2udc
_cDIBGRB
_n0
999 _c102916
_d102916